000 00732nam a22002177a 4500
001 000502
003 DO-SdBNP
005 20160915132506.0
007 000502
008 160915b 2003 ag a ||||| |||| 00| 0 spa d
020 _a9974773555
040 _aBPMSU
_bspa
_cBPMSU
092 _axxxxx
_bxxxxx
245 0 0 _aTécnicas y métodos de estudio para aprender por siempre /
_cdirección y supervisión general Luis Roberto Barone.
246 0 0 _aManual práctico de técnicas para estudiar más fácil.
260 _aBuenos Aires :
_bCultural Librera Americana,
_c2003.
300 _a128 p. :
_bil. ;
_c29 cm.
700 1 0 _aBarone, Luis Roberto,
_edirecc.
942 _2ddc
_cBK
956 _2LOPEREZ
_310
_620160915
_8BPMSU
_a00041
999 _c11401
_d11401